| 000 | 01567nam a2200301 4500 | ||
|---|---|---|---|
| 001 | 0000020276 | ||
| 003 | CO-CtgCURN | ||
| 005 | 20260214152242.0 | ||
| 007 | ta | ||
| 008 | 160627s2001 000 0 eng d | ||
| 020 | _a9586761487 | ||
| 040 |
_aCO-CtgCURN _bspa _ccoctgcurn |
||
| 082 | 0 |
_a345.861 _bV17d |
|
| 100 | 1 | _aVargas Vargas, Pedro Pablo. | |
| 245 | 1 | 0 |
_aDerecho penal general : _bnuevo Código penal 2001, en mas de mil preguntas con sus respuestas y notas / _cPedro P. Vargas Vargas, Taylor Ivaldy Londoño Herrera. |
| 260 |
_aBogotá : _bEdiciones doctrina y ley, _c2001. |
||
| 300 | _axliii, 463 p. | ||
| 336 | _2rdacontent | ||
| 337 |
_2rdamedia _asin mediacion _bn |
||
| 338 |
_2rdacarrier _avolumen _bnc |
||
| 500 | _aIncluye preguntas y respuestas. | ||
| 505 | 8 | _aDerecho y ley penales.--Fuentes de derecho penal.--Escuelas penales.--Actividades auxiliares del derecho penal.--Breve historia del derecho penal en nuestro territorio.--De las normas rectoras de la ley penal colombiana.--Interpretacion de la ley.--La ley penal en el espacio.--La extradicion.--Sentencia extrangera.--La ley penal en el tiempo.--Servidores publicos.--Conducta punible.--Tentativa.--La coparticipacion.--Actividad psicofisica del delicuente y formas de culpabilidad.--Ausencia de responsabilidad.--Inimputabilidad | |
| 650 | 1 | 4 |
_aDerecho penal _vAspectos sociales. |
| 700 | 1 | _aLondoño Herrera, Taylor Ivaldy. | |
| 908 | _a160627 | ||
| 942 |
_cBK _h345.861 _iV17d _2ddc _n0 |
||
| 999 |
_c19314 _d19314 |
||